People by Picture: 1860-1914 - Statistics

General Stats
  • This quiz has been taken 187 times
  • The average score is 5 of 15
Answer Stats
Picture Hint Answer % Correct
United States 1809-1865 Abraham Lincoln
100%
Austria-Hungary 1863-1914 Franz Ferdinand
100%
United Kingdom 1865-1936 George V
100%
Russia 1869-1916 Grigori Rasputin
100%
Belgium/Congo 1835-1909 Leopold II
100%
United States 1835-1910 Mark Twain
100%
Germany 1815-1898 Otto von Bismarck
100%
United Kingdom 1819-1901 Queen Victoria
100%
United States 1858-1919 Theodore Roosevelt
100%
Russia 1870-1924 Vladimir Lenin
100%
Germany 1859-1941 Wilhelm II
100%
United States 1856-1924 Woodrow Wilson
88%
United States 1808-1875 Andrew Johnson
83%
United States 1837-1908 Grover Cleveland
83%
Austria-Hungary 1830-1916 Franz Joseph I
80%
Russia 1868-1918 Nicholas II
80%
United Kingdom 1854-1900 Oscar Wilde
78%
Germany 1844-1900 Friedrich Nietzsche
75%
Russia 1828-1910 Leo Tolstoy
75%
Confederate States 1807-1870 Robert E. Lee
73%
Italy 1807-1882 Giuseppe Garibaldi
70%
Russia 1818-1881 Alexander II
67%
United Kingdom 1809-1898 William Ewart Gladstone
67%
United Kingdom 1841-1910 Edward VII
60%
Germany 1797-1888 Wilhelm I
60%
United Kingdom 1830-1903 Robert Gascoyne-Cecil (Lord Salisbury)
57%
United Kingdom 1804-1881 Benjamin Disraeli
50%
Qing 1835-1908 Empress Dowager Cixi
50%
Joseon 1821-1898 Heungseon Daewongun (Yi Ha-eung)
50%
France 1808-1873 Napoleon III
50%
Qing/China 1866-1925 Sun Yat-sen
50%
United States 1822-1885 Ulysses S. Grant
50%
United States 1843-1901 William McKinley
50%
Austria-Hungary 1837-1898 Empress Elisabeth
44%
United States 1820-1891 William Tecumseh Sherman
44%
Russia 1845-1894 Alexander III
43%
Sweden 1833-1896 Alfred Nobel
43%
United Kingdom 1850-1916 Herbert Kitchener
43%
Brazil 1825-1891 Pedro II
43%
Italy 1820-1878 Victor Emmanuel II
43%
Japan 1838-1922 Yamagata Aritomo
43%
Germany 1849-1929 Bernhard von Bulow
40%
UK/South Africa 1853-1902 Cecil Rhodes
40%
Bulgaria 1861-1948 Ferdinand I
40%
Confederate States 1808-1889 Jefferson Davis
40%
Germany 1803-1879 Albrecht von Roon
33%
United Kingdom 1854-1925 Alfred Milner
33%
Germany 1856-1918 Carl Peters
33%
United Kingdom 1841-1904 Henry Morton Stanley
33%
France 1808-1893 Patrice de MacMahon
33%
Italy 1869-1947 Victor Emmanuel III
33%
Qing/China 1859-1916 Yuan Shikai
33%
South Africa/Transvaal 1825-1904 Paul Kruger
30%
Italy 1810-1861 Camillo Benso (Count of Cavour)
29%
Ottoman Empire 1844-1918 Mehmed V
29%
United States 1835-1919 Andrew Carnegie
25%
France/UK 1873-1924 Edmund Dene Morel
25%
Germany 1831-1888 Frederick III
25%
United Kingdom 1833-1913 Garnet Wolseley
25%
Abyssinia 1844-1913 Menelik II
25%
United States 1839-1937 John D. Rockefeller
22%
United States 1856-1915 Booker T. Washington
20%
France 1838-1929 Emile Loubet
20%
France 1828-1905 Jules Verne
20%
Japan 1822-1878 Saigo Takamori
20%
Russia 1849-1915 Sergei Witte
20%
Spain 1886-1941 Alfonso XIII
17%
Philippines 1869-1964 Emilio Aguinaldo
17%
United Kingdom 1864-1916 Roger Casement
17%
United States 1801-1872 William H. Seward
17%
Qing/Taiping 1814-1864 Hong Xiuquan
14%
Japan 1841-1909 Ito Hirobumi
14%
United States 1837-1913 J. P. Morgan
14%
Italy 1818-1901 Francesco Crispi
13%
Italy 1805-1872 Giuseppe Mazzini
13%
United Kingdom 1827-1905 Frederic Thesiger (Lord Chelmsford)
11%
Germany 1849-1921 Theodor Leutwein
11%
Ottoman/Germany 1840-1892 Mehmed Emin Pasha
10%
Sudan 1846-1899 Abdallahi ibn Muhammad
0%
Ottoman Empire 1842-1918 Abdul Hamid II
0%
Egypt 1841-1911 Ahmed Urabi
0%
France 1859-1935 Alfred Dreyfus
0%
Germany 1833-1913 Alfred von Schlieffen
0%
Joseon 1879-1910 An Jung-geun
0%
Portugal 1863-1908 Carlos I
0%
Zulu 1826-1884 Cetshwayo
0%
United Kingdom/Sudan 1833-1885 Charles Gordon
0%
United Kingdom 1813-1873 David Livingstone
0%
Joseon 1874-1926 Emperor Sunjong
0%
United Kingdom 1832-1914 Frederick Roberts
0%
UK/British Raj 1859-1925 George Curzon
0%
France 1837-1891 Georges Ernest Boulanger
0%
Italy 1858-1924 Giacomo Puccini
0%
Italy 1842-1928 Giovanni Giolitti
0%
Qing 1871-1908 Guangxu Emperor
0%
Germany 1800-1891 Helmuth von Moltke the Elder
0%
Germany 1848-1916 Helmuth von Moltke the Younger
0%
United Kingdom 1852-1928 Herbert Henry Asquith
0%
Ottoman Empire 1881-1922 Ismail Enver Pasha
0%
Egypt 1830-1895 Isma'il Pasha
0%
France 1863-1934 Jean-Baptiste Marchand
0%
United Kingdom 1836-1914 Joseph Chamberlain
0%
France 1832-1893 Jules Ferry
0%
Japan 1848-1913 Katsura Taro
0%
Siam 1853-1910 King Chulalongkorn
0%
Joseon 1852-1919 King Gojong
0%
France 1838-1882 Leon Gambetta
0%
Germany 1831-1899 Leo von Caprivi
0%
Qing 1823-1901 Li Hongzhang
0%
Germany 1848-1920 Lothar von Trotha
0%
Japan 1852-1912 Meiji Emperor
0%
Sudan 1843-1885 Muhammad Ahmad
0%
Buganda 1868-1903 Mwanga II
0%
Italy/Eritrea 1841-1901 Oreste Baratieri
0%
Italy/France 1852-1905 Pierre Savorgnan de Brazza
0%
South Africa/Transvaal 1836-1911 Piet Cronje
0%
Mexico 1830-1915 Porfirio Diaz
0%
Joseon 1851-1895 Queen Min
0%
United Kingdom 1865-1935 Rudyard Kipling
0%
Japan 1879-1926 Taisho Emperor
0%
Egypt 1852-1892 Tewfik Pasha
0%
Japan 1848-1934 Togo Heihachiro
0%
Italy 1844-1900 Umberto I
0%
United States 1868-1963 W. E. B. Du Bois
0%
United States 1860-1925 William Jennings Bryan
0%
Joseon 1858-1926 Yi Wan-yong
0%
Abyssinia 1837-1889 Yohannes IV
0%
Qing 1811-1872 Zeng Guofan
0%
No matching quizzes found
Score Distribution
Percent of People with Each Score
Percentile by Number Answered
Your Score History
You have not taken this quiz